MDQL
is popping MORE tags! Check the
thread
!
Quizzes
Events
Quiz Creation
Community
Videos
Private Events
Remove Ads
Sign In
Join for FREE
Feedback
Dark Mode
Quiz Categories
Sports
Geography
Music
Movies
Television
Just For Fun
Miscellaneous
History
Literature
Language
Science
Gaming
Entertainment
Religion
Holiday
For Kids
Quiz Lab
Recent
Popular Today
Quiz Kudos Today
Editor Picks
Curator Picks
Quizzes by...
Day
Popularity
Type
Ratings
Length
Year
Community
Subscriptions
Recent Discussions
Orange Saloon
Badges
Playlists
Quests
Create
Leaderboards
Showdown
Live 5
Trivia Bingo
Activity
Puzzle Library
Sporcle Events
Private Events
Virtual Trivia
Globe League
Become a Host
Pub Owners
SporcleCon
Opinionation
Our Games
Videos
Blog
Mobile Apps
Partnerships
Remove Ads and Go Orange
Feedback
Science
Computer
Plants
Astronomy
Chemistry
Elements
Math
Animal
Physics
Anatomy
Biology
Geology
General Science
Science
Computer
Plants
Astronomy
Chemistry
Elements
Math
Animal
Physics
Anatomy
Biology
Geology
General Science
Random Quiz
Search Sporcle
×
Quiz Lab
Quiz Lab
Science
practice
Type in answers that appear in a list
Type in answers that appear in a list
Classic
Best Score? Go Orange.
Pharmacy Practice drugs part 1 (generic) Stats
Can you name the generic name of these brand drugs?
By
melissa91
20m
85 Questions
443 Plays
443 Plays
443 Plays
Comments
Comments
Give Quiz Kudos
Give Quiz Kudos
-
- Ratings
hide this ad
Random Order
Randomize order of answers
Randomize order of answers
Replay
Link that replays current quiz
Next Quiz
Link to next quiz in quiz playlist
You Got
0%
They Got
Avg Score
33%
Avg Friend Score
Upgrade to see
Score Distribution
Jump to the score distribution portion of the page
Score
0/85
Timer
20:00
0
Plays Today
Brand Name
Generic Name
% Correct
Humulin
Insulin
70.5%
Lipitor
Atorvastatin Ca
68.2%
Coumadin
Warfarin Na
67.1%
Glucophage, Glugophage XR
Metformin HCl
65.3%
Zocor
Simvastatin
62.8%
Lasix
Furosemide
61.3%
Crestor
Rosuvastatin Ca
59.5%
Prinivil, Zestril
Lisinopril
56.1%
Proventil, Ventolin, Proair
Albuterol Sulfate
54.7%
Tenormin
Atenolol
54.3%
Pravachol
Pravastatin Na
53.2%
Cozaar
Losartan K
52.9%
Singulair
Montelukast Na
52.9%
Diovan
Valsartan
50%
Toprol XL
Metoprolol Succinate
48.9%
Lanoxin, Digitek
Digoxin
47.3%
Xalatan
latanoprost
45.3%
Lopressor
Metoprolol Tartrate
44.8%
Lantus
Insulin Glargine
44.4%
Coreg, Coreg CR
Carvedilol
44.1%
Nitroquick, Nitrostat
Nitroglycerin
43.5%
Niaspan
Niacin
42.6%
Procardia XL, Adalat CC, Nifedical XL
Nifedipine
41.9%
Aldactone
Spironolactone
40.8%
Cardizem
Diltiazem HCl
40.8%
Tricor
Fenofibrate
40.1%
Actos
Pioglitazone HCl
40.1%
Zetia
Ezetimibe
38.7%
Mevacor
Lovastatin
38.5%
Brand Name
Generic Name
% Correct
Altace
Ramipril
38.5%
Slow FE
Ferrous Sulfate
38.5%
Catapres, Nexiclon XR
Clonidine HCl
38.3%
Microzide
Hydrochlorothiazide
38.1%
Atarax
Hydroxyzine HCl
38.1%
Glucotrol, Glucotrol XL
Glipizide
37.6%
Micronase, Diabeta
Glyburide
36.5%
Spiriva
Tiotropium Br
34.2%
Tessalon
Benzonatate
34.2%
Novolog
Insulin Aspart
34%
Januvia
Sitagliptin Phosphate
33.8%
Vigamox
Moxifloxacin Hcl
32.9%
Pacerone, Cordarone
Amiodarone
32.7%
Calan, Verelan, Isoptin, Covera
Verapamil HCL
32.2%
Lopid
Gemfibrozil
31.8%
CiproDex
Ciprofloxacin+Dexamethasone
31.1%
Inderal
Propranolol HCl
31.1%
Bumex
Bumetanide
30.4%
Imdur
Isosorbide Mononitrate
30.4%
Norvasc
Amlodipine Besylate
30%
Flovent HFA
Fluticasone Propionate
29.1%
Flonase
Fluticasone Propionate
29.1%
Levemir
Insulin Detemir
29.1%
Humalog
Insulin Lispro
28.6%
Amaryl
Glimepiride
28.4%
Patanol/
Pataday
Olopatadine HCl
25.9%
Xyzal
Levocetirizine Dihydrochloride
25.5%
Diovan/
HCT
Valsartan HCT
25.2%
Hyzaar
Losartan K HCT
24.8%
Brand Name
Generic Name
% Correct
Vistaril
Hydroxyzine Pamoate
24.5%
Prinzide, Zestoretic
Lisinopril HCT
23.6%
Hytrin
Terazosin HCl
23.6%
Vytorin
Ezetimibe+Simvastatin
22.3%
Astelin, Asteopro
Azelastine HCl
21.4%
Byetta
Exenatide
21.2%
Dyazide(Cap), Maxzide(Tab)
Triamterene HCT
20.5%
Easprin, Ecotrin, Empirin
Aspirin EC
20.5%
Alphagan-
P
Brimonidine Tartrate
20.3%
Advair
Fluticasone Propionate+Salmeterol
18.7%
Phenergan with Codeine
Promethazine HCL+Codeine Phosphate
18%
Veramyst
Fluticasone Furoate
16%
Glucovance
Glyburide Metformin
16%
Restasis
Cyclosporine Emulsion
15.5%
Nasonex
Mometasone Furoate Monohydrate
15.3%
Combivent (MDI), DuoNeb (Soln)
Ipratropium Br+Albuterol Sulfate
14%
Lovaza
Omega-3-Acid Ethyl Esters
12.2%
Mytussin AC, Robitussin AC
Codeine Phosphate+Guaifenesin
11.5%
Nasacort AQ
Triamcinolone Acetonide
11%
Xopenex
Levalbuterol HCl
10.8%
Tussionex
Chlorpheniramine+Hydrocodone
10.8%
Aggrenox
Dipyridamole+Aspirin
10.6%
Benicar
Olmesartan Medoxomil
9.9%
Lotrel
Amlodipine Besylate+Benazepril HCl
9.7%
Pulmicort/
Symbicort
Budesonide+Formoterol Fumarate
9.5%
Benicar/
HCT
Olmesartan Medoxomil HCT
7.4%
Plavix
Clopidigrel Bisulfate
6.3%
Quiz Playlist
Details
Report
Send in Message
Add To Playlist
Classic:
Type in answers that appear in a list
Random Order:
Randomize order of answers
Last Updated: Feb 16, 2017
Quiz Scoreboard
CHALLENGE
Sign Up to Join the Scoreboard
Show All
Scores
Hide
Comments
May contain spoilers
Recently Published
Two Season TV Shows II
by 123Four
Television
10m
Image Sorting: Flags VI
by Barbecue
Geography
2m
Find the 'City' Movie
by crazypaving
Movies
60s
More to Explore
Quiz From the Vault
Featured Blog Post
14 Easter Pick-up Lines to Find Eggs With
hide this ad
You Might Also Like...
Tags
brand
Drug
Generic
Pharmacy
practice
Today's Top Quizzes in Science
Browse Science
hide this ad
Today's Top Quizzes in practice
Browse practice
Top Contributed Quizzes in Science
1
Windmill: Elements
2
200 Vogels in Nederland
3
Square Numbers Scrambled (1-50)
4
Elements In Images
5
Glycolysis
6
Count to 60
7
perfect squares 1-25
8
17 TIMES TABLE
9
Quick Pick: 'CI-CJ' Animals
10
4-letter Elementary Words III
Explore More
Trending Topics
NBA
Harry Potter
Crossword
Anime
Marvel
Disney
Kpop
Country
Pokémon
WWE
Puzzle
The Office
Song
NFL
Soccer
hide this ad
More By:
melissa91
Quiz
Plays
Rating
Category
Featured
Created
Pharmacy Abbreviations
2,190
2.50
Science
Sep 14, 2011
Medical Terminology
2,183
2.83
Language
Oct 14, 2011
Pharmacy Practice I Drugs, part 1 (Brand)
1,659
3.80
Science
Mar 27, 2012
Pharmacy Practice Drugs part 3 (brand)
1,030
4.33
Science
Mar 30, 2012
Pharmacy Practice I Drugs Part 2 (brand)
532
Science
Mar 27, 2012
Go to Creator's Profile
Score Distribution
Quiz Creator Spotlight
melissa91
Follow
Send a Message
Quizzes Created
-
Created Quiz Play Count
-
More By This Creator
Popular Quizzes Today
1
Find the US States - No Outlines Minefield
2
Colored Red Africa Blitz
3
Find the 'City' Movie
4
5x2 Blitz: Bands
5
The Countries of the World
6
Find the Countries of Europe - No Outlines Minefield
7
Find the US States
8
US States
More Science Quizzes
Periodic Table without T
Quiz Lab
Trending Quizzes
Colored Red Europe Blitz I
Colored Red Africa Blitz II
Colored Red Europe Blitz II
Colored Red Africa Blitz III
Colored Red Europe Blitz III
Recently Updated
How Do You Spell That?
pecheneg
Godzilla Movies
pecheneg
Grab Bag: 4-10 Letters
pecheneg
2024 March Madness Bracket
pecheneg
Famous TV Couples
Peacemaker
Champions League XIs: Real Madrid
pecheneg
Largest US Cities 1790-2010
pecheneg
Rides in Walt Disney World
pecheneg
Most Oscar Losses (Acting)
pecheneg
Beyoncé Albums
pecheneg
Trending Topics
Anime
Disney
Crossword
NBA
Marvel
Kpop
Harry Potter
Song
NFL
Country
WWE
Puzzle
Soccer
Pokémon
The Office
Your Account Isn't Verified!
In order to create a playlist on Sporcle, you need to verify the email address you used during registration. Go to your
Sporcle Settings
to finish the process.
Report this User
Report this user for behavior that violates our
Community Guidelines
.
Details:
Send Report
Go to the Sporcle.com Mobile Site →
Comments